Most Dangerous Jobs Quiz Stats

 Plays Quiz Updated Jun 26, 2018

Score 0/10 Timer 03:00
3 Plays Today
Rank Job % Correct
6Iron and Steel Workers
55.7%
2Fishers and related workers
49.7%
7Drivers (truckers and salespeople)
33.1%
3Pilots and Flight Engineers
29.7%
1Loggers
27.8%
8Farmers and Ranchers
13.5%
10Landscapers and Groundskeepers
11.3%
5Refuse and Recyclable Material Collectors
8.7%
4Roofers
4.6%
8Electrical Power Line Installers and Repairers
0.8%

You're not logged in!

Compare scores with friends on all Sporcle quizzes.
OR
Log In

Sporcle TV

Today on Sporcle TV


Watch our educational content, quiz creation guides, and fun videos on Sporcle TV.

Show Comments

Extras

Top Quizzes Today


Score Distribution

Your Account Isn't Verified!

In order to create a playlist on Sporcle, you need to verify the email address you used during registration. Go to your Sporcle Settings to finish the process.

Report this User

Report this user for behavior that violates our Community Guidelines.

Details: